幕内最高優勝が10回以上の力士(サドンデス) - Statistics

General Stats
  • This quiz has been taken 150 times
  • The average score is 7 of 14
Answers on the Grid
Answers color-coded by a green-red scale on the quiz's grid according to % correct below.
曙 太郎
朝潮 太郎(3代)
朝青龍 明徳
旭富士 正也
大乃国 康
大の里 泰輝
鶴竜 力三郎
柏戸 剛
稀勢の里 寛
北の湖 敏満
北の富士 勝昭
琴櫻 傑將
佐田の山 晋松
大鵬 幸喜
隆の里 俊英
貴乃花 光司
玉の海 正洋
千代の富士 貢
照ノ富士 春雄
栃錦 清隆
栃ノ海 晃嘉
白鵬 翔
日馬富士 公平
双羽黒 光司
双葉山 定次
豊昇龍 智勝
北勝海 信芳
三重ノ海 剛司
武蔵丸 光洋
若乃花 幹士(初代)
若乃花 幹士(2代)
若乃花 勝
輪島 大士
 
Answer Stats
Answer % Correct
朝青龍 明徳
84%
白鵬 翔
82%
大鵬 幸喜
70%
貴乃花 光司
67%
千代の富士 貢
66%
北の湖 敏満
61%
曙 太郎
47%
北の富士 勝昭
42%
照ノ富士 春雄
40%
双葉山 定次
38%
輪島 大士
35%
武蔵丸 光洋
31%
若乃花 幹士(初代)
17%
栃錦 清隆
15%
No matching quizzes found
Score Distribution
Percent of People with Each Score
Percentile by Number Answered
Your Score History
You have not taken this quiz